000 00598nam a2200217Ia 4500
003 OSt
005 20220925231724.0
006 a|||||r|||| 00| 0
007 ta
008 220923b |||||||| |||| 00| 0 eng d
037 _cGeneral Book
040 _aRTL
_cRTL
_beng
041 _2eng
_aeng
082 _aX625.2.N68r, K8
110 _aSYNDICATE BANK LIMITED
_9296021
245 0 _aAnnual report,1968.
260 _aManipal
_bSyndicate Bank Ltd
_c1968
700 _aSYNDICATE BANK LIMITED
_9296022
942 _hX625.2.N68r, K8
_cGB
_2CC
999 _c589262
_d589262